| 000 | 01225nam a22002657a 4500 | ||
|---|---|---|---|
| 001 | 157 | ||
| 003 | FISKH | ||
| 005 | 20230301131456.0 | ||
| 008 | 230301b cb ||||| |||| 00| 0 eng d | ||
| 040 |
_aDLC _cDLC _beng _dFISKH |
||
| 042 | _apcc | ||
| 050 | _aPZ7.P3856 | ||
| 082 | _a813.6 | ||
| 100 | 1 | _aCleary, Beverly. | |
| 245 | 1 | 0 |
_aRamona the brave / _cBeverly Cleary, Jacqueline Rogers ; [edited by] Barbara Lalicki. |
| 250 | _aReillustrated ed. | ||
| 260 |
_aNew York _bHarper Collins _c2013 |
||
| 300 |
_a17 p. _c20 cm. |
||
| 505 | _aO | ||
| 520 | _aNewbery Medal-winning author Beverly Cleary lovingly chronicles the ups and downs of elementary school woes. This is perfect for fans of Clementine. For a girl as enthusiastic about life as Ramona, starting the first grade should be easy! But with a teacher who doesn't understand her, a tattletale classmate, and a scary dog who follows her on the walk home from school, Ramona has a hard time acting like the big girl everyone expects her to be. But when she shows up to school with a missing shoe, Ramona gets a fresh grip on her | ||
| 521 | 8 |
_a820 _bLexile |
|
| 521 | 8 |
_aO _bRaz-Plus |
|
| 906 |
_a0 _bibc _corignew _d2 _eepcn _f20 _gy-gencatlg |
||
| 942 |
_2ddc _cBK _n0 |
||
| 999 |
_c157 _d157 |
||